[Event "EU-ch 12th"]
[Site "Aix les Bains"]
[Date "2011.03.26"]
[Round "5"]
[White "Mikhalevski, Victor"]
[Black "Roeder, Mathias"]
[Result "1-0"]
[WhiteElo "2584"]
[BlackElo "2414"]
[Annotator "Marchand,A/Primel,D"]
[PlyCount "90"]
[EventDate "2011.03.22"]
[EventType "swiss"]
[EventRounds "11"]
[EventCountry "FRA"]
[SourceTitle "CBM 142 Extra"]
[Source "ChessBase"]
[SourceDate "2011.06.27"]
[SourceVersion "1"]
[SourceVersionDate "2011.06.27"]
[SourceQuality "1"]
[TimeControl "40/5400+30:1800+30"]

1. d4 Nf6 2. c4 e6 3. Nf3 d5 4. g3 Be7 5. Bg2 O-O 6. Qc2 (6. O-O {La grande
ligne de la Catalane}) 6... b6 {Retombe sur une Ouest-Indienne mais l'ordre de
coups des Noirs est assez douteux} (6... c5 $142) (6... c6 $142) 7. O-O Bb7 (
7... c6 {Plus souple}) 8. cxd5 $1 {L'Ouest-Indienne avec d7d5 n'a pas trés
bonne réputation théorique} exd5 (8... Nxd5 {Plus souple} 9. Nc3 $14 (9. a3 Nd7
10. e4 N5f6 11. Nc3 c5 12. d5 $5 (12. Rd1) 12... exd5 13. exd5 Nxd5 14. Nh4 $44
) 9... Nd7 10. Nxd5) 9. Nc3 {[%cal Gc1f4,Gf4c7]} (9. Bf4 Na6) 9... Nbd7 10. Bf4
{[%csl Rc7]} (10. Rd1 {L'alternative} c5 11. Bf4 $14) 10... a6 $6 {trop passif}
(10... c6 $142 {Nguyen,N (2530)-Bui Vinh (2466) Budapest FS09 GM 2007 (5) 1/2})
(10... c5) 11. Rac1 $16 {[%csl Rc7]} Re8 {[%csl Ge4]} (11... c5 12. Rfd1 {
[%cal Gd1d8]}) 12. Rfd1 Nf8 {[%csl Rf8][%cal Gf8e6,Ge6f4,Gf8g6,Gg6f4] La
position Noire est très passive} (12... Bd6 $5 13. Bxd6 cxd6 $13 {[%csl Gc4,
Gc5,Ge4,Ge5] Les P doublés sont plutôt forts en millieu de partie en
protégeant des cases centrales}) (12... Rc8) 13. Na4 $1 $146 {[%csl Rb6,Rc5,
Rc7]} ({RR} 13. Nh4 Ne6 14. Nf5 Nxf4 15. Nxe7+ Qxe7 16. gxf4 Rad8 17. e3 Rd6
18. Ne2 Rc6 19. Qb3 Rc4 20. Ng3 h5 21. Qd3 g6 22. b3 Rxc1 23. Rxc1 Bc8 24. h3
h4 25. Nf1 Ne4 26. Nd2 g5 27. Nxe4 dxe4 {Nasir Ali,S (2190)-Chokshi,M (2248)/
Chennai 2004/CBM 098 ext/1/2-1/2 (40)}) 13... c6 {Autant le jouer au 10ème
coup!} 14. Ne5 $36 {[%csl Ge5]} b5 $6 {[%csl Rb7,Rc6]} (14... Rc8 15. Bh3 $1
Ne6 16. Qb3 b5 17. Bxe6 fxe6 18. Nc5 {[%csl Rb7,Gc5,Ge5,Re6]}) 15. Nc5 Bxc5 {
[%csl Gf4] L'allemand va maintenant souffrir sur cases Noires} 16. Qxc5 {
[%csl Rb7]} (16. dxc5 $5 g5 17. Nxc6 $1 Bxc6 18. Bxg5 Re5 (18... N8d7 19. Bxd5)
19. f4 Rxg5 20. fxg5 Ng4 21. Qd2 {[%csl Rd5]}) 16... Ne6 {[%cal Ge6f4,Ge6c5]}
17. Qc2 Nxf4 {Récupère la paire de B mais le Ne5 sera difficile а déloger.} 18.
gxf4 {[%csl Ge5,Gf4]} Re6 19. Rd3 $1 {[%cal Gd3g3] Les Blancs ont davantage
d'espace pour manoeuvrer} Rd6 20. Rg3 Rc8 21. Kh1 $1 {[%cal Gc1g1]} Nh5 22. Rh3
{[%csl Rh5,Rh7][%cal Gc2h7]} g6 23. f5 $1 Rc7 24. Rg1 $40 Nf4 (24... Ng7 {
[%cal Gg7f5]}) 25. Rf3 Nxg2 $6 {Accelère l'attaque des Blancs sur la colonne
"g" et le N va manquer en défense} (25... Nh5 {Un moindre mal}) 26. Rxg2 c5 $2
(26... Bc8 {[%cal Gc8f5]}) 27. Qd2 $2 (27. fxg6 hxg6 28. Nxg6 $1 $18 {[%csl
Gf3,Gg2,Rg8][%cal Gc2g6,Gg2g6]}) 27... cxd4 28. Nd3 {Les Blancs étaient
peut-être en zeitnot car non seulement, ils ont raté un gain mais ils vont
laisser les Noirs revenir dans la partie} (28. Qh6 $142 {[%csl Rg7][%cal Gf3h3]
} f6 29. fxg6 $1) 28... Qh4 $1 29. Rf4 Qh6 $1 $13 {[%cal Gh6d2]} 30. Ne5 Rc2 $5
(30... d3 $1 {[%cal Gd5d4,Gb7h1]} 31. Nxd3 d4 $44 {[%csl Gb7,Rg2,Rh1][%cal
Gb7h1]}) 31. fxg6 $1 {L'expérimenté GMI ne panique pas} hxg6 (31... Rxd2 32.
gxf7+ Kf8 33. Rg8+) 32. Qxd4 {[%csl Gd4,Rg7][%cal Ge5f7,Gg2g6]} Rc1+ (32... f5
$5) 33. Rg1 Rc4 (33... Rc7 $142 {[%cal Gc7f7]}) 34. Nxf7 $1 Qxf4 35. Qxf4 Rxf4
36. Nxd6 $18 Bc6 {Il est instructif de voir que ce B n'a joué aucun rôle actif
dans la partie} 37. Rxg6+ {[%cal Gg6g8,Gg6c6]} Kh7 38. Re6 d4+ 39. Kg1 Bd5 40.
Re7+ Kg6 41. Ra7 $1 Rf6 42. Rxa6 Re6 43. e3 Bc4 44. exd4 Kh5 45. f3 b4 1-0

[Event "Olympiad-34"]
[Site "Istanbul"]
[Date "2000.10.29"]
[Round "2.1"]
[White "Delchev, Aleksander"]
[Black "Marin, Mihail"]
[Result "1/2-1/2"]
[WhiteElo "2557"]
[BlackElo "2557"]
[Annotator "Marin,M"]
[PlyCount "46"]
[EventDate "2000.10.28"]
[EventType "team-swiss"]
[EventRounds "14"]
[EventCountry "TUR"]
[SourceTitle "EXT 2001"]
[Source "ChessBase"]
[SourceDate "2000.11.22"]
[SourceVersion "1"]
[SourceVersionDate "2000.11.22"]
[SourceQuality "1"]
[WhiteTeam "Bulgaria"]
[BlackTeam "Romania"]
[WhiteTeamCountry "BUL"]
[BlackTeamCountry "ROU"]

1. d4 Nf6 2. Nf3 e6 3. g3 b6 4. Bg2 Bb7 5. c4 Be7 6. O-O O-O 7. Re1 Na6 8. Nc3
({This looks more normal than} 8. Ne5 {Before starting actions in the centre,
white is finishing his development.}) 8... Ne4 9. Nxe4 Bxe4 10. d5 $5 $146 ({
After} 10. Qa4 Qc8 {followed by c5 black has a comfortable game.}) 10... Bf6 ({
This move might be oveambitious.} 10... exd5 $5 11. cxd5 c5 12. dxc6 dxc6 13.
Ne5 Bxg2 14. Kxg2 Qc8 $13 {might be a safer solution.}) 11. Nd4 ({White has
the typical} 11. Bh3 $5 {suggested by Rogozenko and black has to look for some
counterplay in lines like} exd5 12. Nd2 Bg6 13. cxd5 Nb4 $132) 11... Bxg2 12.
Kxg2 {Black has a slight lead in development but he has to act quickly in
order to avoid e4-e5.} c5 13. Nb5 (13. dxc6 $6 dxc6 14. Nxc6 Qc7 $17) 13...
exd5 14. Qxd5 (14. cxd5 d6 {(/\Nc7)} 15. Bf4 $6 Bxb2 $1 16. Rb1 Be5) 14... Nb4
15. Qd1 a6 16. Nd6 (16. Nc3 Bxc3 17. bxc3 Nc6 $132 {><c4}) 16... b5 {The white
knight is very strong and white only needs one consolidating move in order to
obtain a crushing advantage.} 17. e4 (17. a3 Nc6 18. cxb5 Nd4 19. bxa6 Rxa6 $44
) 17... bxc4 18. e5 Nd3 $1 {The only way to keep the balance.} 19. exf6 Qxf6
20. Bf4 g5 21. Qg4 (21. Be5 $5 Nxe5 22. Qd5 $44) (21. Ne4 $6 Nxe1+ 22. Qxe1 Qc6
$17) 21... Nxf4+ 22. gxf4 Qxd6 23. Qxg5+ Qg6 (23... Qg6 24. Rad1 $44 Rfe8 25.
Rxe8+ Rxe8 26. Rxd7 Re2 27. Rc7 Rxb2 28. Rxc5 Rxa2 29. Rxc4 $11) 1/2-1/2

[Event "American Continental 3rd"]
[Site "Buenos Aires"]
[Date "2005.08.08"]
[Round "3"]
[White "Bielicki, Carlos"]
[Black "Quesada Perez, Yuniesky"]
[Result "1/2-1/2"]
[WhiteElo "2307"]
[BlackElo "2522"]
[Annotator "Mueller,Karsten"]
[PlyCount "141"]
[EventDate "2005.08.06"]
[EventType "swiss"]
[EventRounds "11"]
[EventCountry "ARG"]
[SourceTitle "CBM 109"]
[Source "ChessBase"]
[SourceDate "2005.11.14"]
[SourceVersion "1"]
[SourceVersionDate "2005.11.14"]
[SourceQuality "1"]

1. Nf3 Nf6 2. c4 b6 3. g3 Bb7 4. Bg2 e6 5. O-O Be7 6. Nc3 O-O 7. d4 Ne4 8. Nxe4
Bxe4 9. Ne1 Bxg2 10. Nxg2 d5 11. Qa4 Qd7 12. Qxd7 Nxd7 13. cxd5 exd5 14. Rd1
Rfe8 15. Bf4 c6 16. Rac1 Rac8 17. Rc2 Nf8 18. Kf1 Ne6 19. Be3 Red8 20. Rcd2 g5
21. g4 Rf8 22. Kg1 f5 23. f3 Bd6 24. Rc2 a5 25. gxf5 Rxf5 26. Bf2 Rf6 27. Bg3
Nf4 28. Nxf4 gxf4 29. Bf2 Kf7 30. Kh1 Ke6 31. Rg1 Rg6 32. Rxg6+ hxg6 33. Kg2 c5
34. a4 c4 35. Be1 Rb8 36. Bc3 b5 37. axb5 Rxb5 38. Kf2 Bb4 39. Rc1 a4 40. Bxb4
Rxb4 41. Ra1 Rxb2 42. Rxa4 Rd2 43. Ra6+ Kd7 44. Rxg6 Rxd4 45. Rg1 Rd2 46. Rc1
Ke6 47. Ke1 Ra2 48. h4 Kf6 49. h5 Ra4 50. Rb1 Ke5 51. h6 Ra6 52. h7 Rh6 53. Rb7
Kd4 54. Kd2 Rh2 55. Re7 Kc5 56. Rf7 Rh4 57. Kc3 d4+ 58. Kd2 Rh2 59. Rf5+ Kb4
60. Rxf4 d3 $2 {[%mdl 8192]} (60... Rxh7 61. Rxd4 Kb3 62. Rd8 c3+ 63. Kd3 Rb7
64. f4 c2 65. Rc8 Rd7+ 66. Ke4 Rd1 67. f5 $11) 61. h8=Q $1 Rxh8 62. exd3 Kc5
63. Rxc4+ Kd5 64. Re4 Rh1 65. d4 Ra1 66. Ke3 Ra3+ 67. Kf4 Ra8 68. Kg5 Rg8+ 69.
Kf4 Ra8 70. Kg3 Rg8+ 71. Kf4 {and a draw because of a threefold repetition of
the position, but White is still winning: und Remis durch dreimalige
Stellungswiederholung, aber Weiß steht immernoch auf Gewinn:} (71. Kf4 Ra8 72.
Re5+ Kxd4 73. Rg5 {and the strong vertical barrier is decisive. und die starke
vertikale Sperre entscheidet:} Rf8+ 74. Kg4 Ke3 75. Re5+ Kd4 76. f4 Rg8+ 77.
Rg5 Rf8 78. Rg6 Ke4 79. Re6+ Kd5 80. f5 Rg8+ 81. Kh5 $18) 1/2-1/2

[Event "Moscow Aeroflot op-A"]
[Site "Moscow"]
[Date "2006.02.11"]
[Round "4"]
[White "Shchekachev, Andrei"]
[Black "Sadvakasov, Darmen"]
[Result "1-0"]
[WhiteElo "2570"]
[BlackElo "2629"]
[Annotator "Mueller,Karsten"]
[PlyCount "107"]
[EventDate "2006.02.08"]
[EventType "swiss"]
[EventRounds "9"]
[EventCountry "RUS"]
[SourceTitle "CBM 112"]
[Source "ChessBase"]
[SourceDate "2006.06.07"]
[SourceVersion "1"]
[SourceVersionDate "2006.06.07"]
[SourceQuality "1"]

1. Nf3 Nf6 2. c4 b6 3. g3 c5 4. Bg2 Bb7 5. O-O e6 6. Nc3 Be7 7. d3 d5 8. cxd5
exd5 9. d4 O-O 10. Bf4 Na6 11. Rc1 Ne4 12. dxc5 Nxc3 13. Rxc3 bxc5 14. Rb3 Qc8
15. Ne5 Rd8 16. Bh3 Qxh3 17. Rxb7 Qe6 18. Qa4 Rdb8 19. Rxe7 Qxe7 20. Qxa6 Rxb2
21. Nd3 Rc2 22. Bd6 Qe8 23. Bxc5 Qc8 24. Qa3 Rxe2 25. Nf4 Rc2 26. Bd4 h6 27.
Nxd5 Qe6 28. Ne7+ Kh8 29. Qf3 Rd8 30. Nf5 f6 31. Bxa7 Rxa2 32. Be3 Ra5 33. Nh4
Rda8 34. Ng6+ Kh7 35. Nf4 Qe5 36. h4 Ra1 37. h5 Rxf1+ 38. Kxf1 Ra1+ 39. Kg2 Qb5
40. Qe4+ f5 41. Qd3 Qxd3 42. Nxd3 Rd1 43. Nf4 Kg8 44. Ng6 Kf7 45. Kf3 Ke6 46.
Bf4 Rd3+ 47. Kg2 Rd5 {[%tqu "De","Wie verwertete Weiß seinen Vorteil?","","",
"f4h6","",3]} 48. Bxh6 $1 Kf6 (48... gxh6 49. Nf4+ Ke5 50. Nxd5 Kxd5 51. Kf3
Ke5 52. Ke3 Ke6 (52... f4+ 53. gxf4+ Kf5 54. Kf3 Ke6 55. Ke4 Kf6 56. f3 Ke6 57.
f5+ Kf6 58. Kf4 $18) 53. Kf4 Kf6 54. g4 fxg4 55. Kxg4 Ke5 56. f3 Ke6 57. Kf4
Kf6 58. Ke4 Ke6 (58... Kg5 59. f4+ Kxh5 60. f5 Kg5 61. Ke5 h5 62. f6 Kg6 63.
Ke6 h4 64. f7 h3 65. f8=Q $18) 59. f4 Kf6 60. f5 Ke7 61. Ke5 Kf7 62. f6 Kf8 {
und nun entscheidet das bekannte Dreiecksmanöver:} 63. Ke4 Ke8 64. Kf4 Kf8 65.
Ke5 Kf7 (65... Ke8 66. Ke6 Kf8 67. f7 Kg7 68. Ke7 Kh7 69. Kf6 Kh8 70. f8=Q+ Kh7
71. Qg7#) 66. Kf5 Kf8 67. Kg6 $18) 49. Be3 Ra5 50. Bd4+ Kf7 51. Nh4 Rd5 52. Nf3
Kg8 53. Kh3 Kh7 54. Kh4 1-0

[Event "Noyabrsk"]
[Site "Noyabrsk"]
[Date "1995.??.??"]
[Round "9"]
[White "Fominyh, Alexander"]
[Black "Abramovic, Bosko"]
[Result "1-0"]
[WhiteElo "2520"]
[BlackElo "2520"]
[Annotator "Notkin,M"]
[PlyCount "119"]
[EventDate "1995.05.??"]
[EventType "tourn"]
[EventRounds "11"]
[EventCountry "RUS"]
[EventCategory "10"]
[SourceTitle "CBM 048"]
[Source "ChessBase"]
[SourceDate "1995.10.01"]
[SourceVersion "1"]
[SourceVersionDate "1995.10.01"]
[SourceQuality "1"]

1. Nf3 Nf6 2. c4 e6 3. g3 b6 4. Bg2 Bb7 5. d4 Be7 6. Nc3 Ne4 7. Bd2 Bf6 8. O-O
O-O 9. Rc1 Nxd2 10. Qxd2 d6 11. e4 (11. d5 e5 12. h4 $1 Nd7 13. Bh3 g6 14. e4
Bg7 15. h5 Nf6 16. hxg6 hxg6 17. Kg2 $14 {Epishin,V-Ehlvest,J/Terrassa/1991/1:
0/38/}) 11... Nd7 12. d5 (12. Rfe1 g6 13. b4 Bg7 14. a3 Qe7 15. h4 h5 16. Bh3
c5 $10 {Granda Zuniga,J-Abramovic,B/Biel/1993/0:1/56/}) 12... e5 13. Ne1 (13.
b4 g6 14. h4 h5 15. Bh3 Bg7 16. Kg2 Nf6 17. Rc2 Qe7 18. Re1 $14 {Damljanovic,
B-Abramovic,B/Kladovo,1991/0,5/54/}) 13... Bg5 14. f4 Bh6 15. Nd3 exf4 (15...
g6 16. Rce1 exf4 17. gxf4 Ne5 $5 18. Qe2 $5 Nxc4 19. Nc1 b5 20. Nxb5 Nb6 21.
Nd4 Bg7 $13 {Gostisa,L-Abramovic,B/Pula/1990/0:1/46/}) 16. gxf4 Ne5 17. Ne2 (
17. Qe2 $5 Nxc4 18. Nf2 Bxf4 (18... b5 19. Nxb5 Nb6 20. Ng4 $16) 19. Qxc4 Qh4
20. h3 Bxc1 21. Rxc1 f5 $132) 17... c5 (17... g6) 18. Nxe5 (18. dxc6 $6 Nxc6
19. Rcd1 (19. Nf2 Qh4 20. Qxd6 Rad8 21. Qc7 Ba8 {/\Rd2, /\Rs8,Rfd8}) 19... Qh4
20. Ng3 g6 $15) 18... dxe5 19. Qc3 Qe7 20. Rce1 (20. fxe5 Bxc1 21. Nxc1 Rae8
22. Nd3 $44) 20... Rae8 21. f5 (21. fxe5 Qxe5 22. Qxe5 Be3+ $1 23. Kh1 Rxe5 24.
Nc1 Bd4 25. Nd3 Re7 $13) 21... Bg5 22. Rd1 Rd8 23. Kh1 Rd6 24. Nc1 Re8 25. Rf3
Rh6 26. Nd3 Bc8 27. Rdf1 Rh4 28. Rg3 f6 29. Qe1 Kh8 30. Rh3 Rh6 31. Rxh6 Bxh6
32. Rf3 g6 $6 (32... Bg5 $14 {/\Rh3 g6/}) 33. Bh3 Ba6 34. b3 Bg5 (34... b5 35.
b4 $1) 35. Qf2 Kg7 36. Bg4 Qd6 (36... Bc8 37. h4 Bh6 38. a3 $16) 37. h4 Bh6 38.
Qg1 $1 g5 39. Rh3 Rh8 40. Be2 {/\Nf2-g4/} Kf8 41. Qh2 Qe7 42. a3 gxh4 43. Rxh4
Bg5 44. Rh5 h6 $2 (44... Be3 45. Qh3 Bd2 46. Nf2 $16) 45. Rxg5 $1 fxg5 46. Nxe5
Kg7 47. Bd3 Qd6 48. Ng6 Qxh2+ 49. Kxh2 Re8 50. e5 Bc8 51. Ne7 $1 Rxe7 52. f6+
Kf7 53. fxe7 Kxe7 54. Be2 Bf5 55. Kg3 Kd8 (55... Bc2 56. d6+ Kd8 57. e6 $18)
56. Bd1 $1 (56. Bg4 $2 Bc2 57. d6 Bxb3 58. e6 Bxc4 59. e7+ Ke8 60. Bh5+ Bf7)
56... a5 (56... a6 57. d6 Kd7 58. Bg4 Bxg4 59. Kxg4 Ke6 60. b4 cxb4 61. axb4 a5
62. c5 bxc5 63. bxc5 $18) 57. d6 Bg6 58. e6 h5 59. Bf3 Be8 60. a4 $1 $18 1-0

[Event "RUS-Cup01 Chigorin Memorial"]
[Site "St Petersburg"]
[Date "1997.11.09"]
[Round "9"]
[White "Neverov, Valeriy"]
[Black "Zagrebelny, Sergey"]
[Result "0-1"]
[WhiteElo "2560"]
[BlackElo "2475"]
[Annotator "Petursson,M"]
[PlyCount "87"]
[EventDate "1997.11.01"]
[EventType "swiss"]
[EventRounds "9"]
[EventCountry "RUS"]
[SourceTitle "CBM 062"]
[Source "ChessBase"]
[SourceDate "1998.01.31"]
[SourceVersion "1"]
[SourceVersionDate "1998.01.31"]
[SourceQuality "1"]

1. d4 Nf6 2. c4 e6 3. Nf3 b6 4. g3 Bb7 5. Bg2 Be7 6. O-O O-O 7. Nc3 Ne4 8. Bd2
Bf6 9. Qc2 Nxd2 10. Qxd2 d6 11. e4 Nd7 12. Rad1 g6 13. h4 Bg7 14. h5 Nf6 15.
hxg6 hxg6 16. Rfe1 Qe7 17. e5 Nd7 18. exd6 cxd6 19. d5 Bxc3 20. Qxc3 e5 21. Nd4
Rac8 22. Qa3 Rxc4 23. Qxa7 Qd8 24. Qxb7 exd4 25. Qa6 Rc2 26. Qd3 Rxb2 27. Qa3
Rc2 28. Qxd6 Re8 29. Re4 Rxe4 30. Bxe4 Rxa2 31. Rxd4 Qc8 {[%tqu "En","Can you
find the winning move for White?","Black is weak on the White squares. Can you
break up his defenses and attack him directly?","Sacrifice your bishop!",
"e4g6","",12]} 32. Bxg6 Nf8 (32... fxg6 33. Qxg6+ Kf8 34. Rf4+ Ke7 35. Re4+ Kf8
36. Qd6+ Kg7 37. Qe7+ Kh6 38. Rh4+ Kg6 39. Rg4+ Kf5 40. Rg5#) 33. Bxf7+ Kxf7
34. Rf4+ Kg8 $8 35. Qe7 Nh7 $8 36. Rf7 Qc1+ 37. Kg2 Qh6 38. Rf4 Qg6 (38... Ra8
$8 39. d6 Kh8 40. d7 Qg5 41. Qe4 $1 Rd8 42. Rg4 Qf6 (42... Nf6 43. Qe7 Qd5+ 44.
f3 Qd2+ 45. Kh3 Qh6+ 46. Rh4 $18) 43. Rg6 $1 Qf8 44. Qe5+ $18) 39. d6 Rd2 {
BLACK RESIGNED because of} 40. Qd8+ Kg7 41. Qd7+ Kh8 42. Qc8+ Kg7 43. Qc3+ Nf6
44. Qxd2 0-1

[Event "Olympiad-41"]
[Site "Tromsoe"]
[Date "2014.08.04"]
[Round "3.4"]
[White "Postny, Evgeny"]
[Black "Stupak, Kirill"]
[Result "1/2-1/2"]
[WhiteElo "2651"]
[BlackElo "2514"]
[Annotator "Postny,E"]
[PlyCount "64"]
[EventDate "2014.08.02"]
[EventType "team-swiss"]
[EventRounds "11"]
[EventCountry "NOR"]
[SourceTitle "CBM 162"]
[Source "ChessBase"]
[SourceDate "2014.09.17"]
[SourceVersion "1"]
[SourceVersionDate "2014.09.17"]
[SourceQuality "1"]
[WhiteTeam "Israel"]
[BlackTeam "Belarus"]
[WhiteTeamCountry "ISR"]
[BlackTeamCountry "BLR"]

1. d4 Nf6 2. c4 e6 3. Nf3 b6 4. g3 Bb7 5. Bg2 Be7 6. Nc3 Ne4 7. Bd2 Nxc3 {
In this particular position this exchange is not very common. Normally Black
castles or plays 7...Bf6. Other options are 7...d5 and 7...f5.} 8. Bxc3 Be4 {
Not allowing White to seize more space in the centre by Qd1-c2 followed by
e2-e4. Grandmaster Eduardas Rozentalis has a lot of experience in this line
from the black side.} 9. d5 {I wanted to benefit from the fact that both sides
haven't yet castled, so I can attack the Pg7. Instead, 9.0-0 0-0 would lead to
a standard position in this line.} (9. O-O O-O 10. d5 Bf6 11. Rc1 {would
actually lead to an identical position to that which arose in the game.}) (9.
Nh4 $5 {Exchanging Black's only active piece might be a better try to fight
for an opening advantage.} Bxg2 10. Nxg2 d5 11. e4 (11. cxd5 exd5 12. Qb3 O-O
13. Nf4 c6 14. O-O Nd7 15. Bb4 Nf6 16. Bxe7 Qxe7 17. Rac1 Rac8 18. Rc2 Rfe8 19.
Rfc1 $14 {1-0 (119) Burmakin,V (2580)-Rozentalis,E (2631) Koge 2013}) 11... c6
12. Ne3 dxc4 13. Qg4 h5 14. Qe2 Nd7 15. O-O-O b5 16. d5 $36 {1-0 (43) Navara,D
(2687)-Rozentalis,E (2588) Kallithea 2009}) 9... Bf6 (9... O-O $4 10. Qd4 $18 {
[%csl Re4,Rg7]}) 10. Rc1 O-O 11. O-O a5 {Preventing b2-b4, so the black knight
may be established on c5.} (11... c6 $6 12. Ne5 Bxg2 13. Kxg2 exd5 14. cxd5 Qe7
15. Nf3 $14 {1/2-1/2 (84) Huebner,R (2592)-Kosteniuk,A (2527) Switzerland 2014}
) (11... c5 {was twice chosen by Hungarian grandmaster Istvan Csom. Both games
ended in quick draws. White should ignore it and continue the development.} 12.
Qd2 exd5 13. cxd5 d6 14. Qf4 $14) 12. Qd2 Na6 13. d6 $146 {I wanted either to
grab more space or to open the d-file in such way that I will get some targets
to attack. Objectively, it's not an improvement over the previously played 13.
Rfd1.} (13. Qf4 {was another option, but also here Black has sufficient
resources.} Bxc3 14. Rxc3 exd5 15. cxd5 (15. Rd1 c6 16. cxd5 Bxd5 17. Ne5 Nb4
18. e4 Bxa2 19. Rxd7 Qf6 20. Qxf6 gxf6 21. Nxc6 Nxc6 22. Rxc6 Rfc8 23. Rdd6
Rxc6 24. Rxc6 Rd8 $1 $132) 15... Bxd5 16. Rd1 Bxf3 17. Bxf3 Ra7 18. Bc6 Nc5 19.
Rxc5 bxc5 20. Rxd7 Qf6 21. Qxf6 gxf6 {White has sufficient compensation for
the exchange, but not more than that.}) (13. Rfd1 Nc5 (13... Bxc3 14. Rxc3 Nc5
15. Qe3 Qf6 {is also satisfactory for Black}) 14. Qf4 Rc8 $6 (14... Bxc3 15.
Rxc3 d6 $11) 15. Bxf6 Qxf6 16. Qxf6 gxf6 17. Nd4 Bxg2 18. Kxg2 f5 19. b3 $14 {
1/2-1/2 (49) Sriram,J (2408)-Vijayalakshmi,S (2399) Nagpur 2002}) 13... cxd6 {
Probably not the best response, at least I was hoping for this.} (13... c6 14.
Ne5 (14. Rfd1 Bxc3 15. Rxc3 Nc5 $11) 14... Bxg2 15. Kxg2 Bxe5 16. Bxe5 f6 {
seems okay for Black. The queen will be coming out via e8.}) 14. Qxd6 Bxc3 (
14... Nc5 15. Bxf6 Qxf6 16. Ne5 (16. Qxb6 $2 {is not a good pawn to take. After
} Rfc8 {[%cal Ga8a6,Ga8b8] the queen is misplaced and Pb2 is hanging.}) 16...
Bxg2 17. Kxg2 Qf5 18. f3 $14) 15. Rxc3 Nc5 16. Rd1 Rc8 (16... Na4 $6 17. Rcc1
Nxb2 $2 {would be too naive.} 18. Rd4 Bc6 ({Black's knight will get trapped
after} 18... Bxf3 19. Bxf3 Rc8 20. Qa3 e5 21. Rh4 g5 22. Rh5 Nxc4 23. Qd3 $18 {
[%csl Rc4,Rh7]}) 19. Ne5 Bxg2 20. Kxg2 {and White is gaining back the pawn
with benefits.}) 17. Re3 (17. Rcc1 Bxf3 18. Bxf3 Qc7 {might lead to a similar
ending to that which arose in the game.}) 17... Bxf3 $1 {The most practical
way to solve the problem of the bishop is to exchange it!} ({In the event of} 
17... Bc2 18. Rd4 $1 {Black's bishop is misplaced.}) 18. Bxf3 Qc7 19. b3 ({
It was possible to keep the queens on the board by} 19. Qd4 {However, after
let's say} Rfd8 {I didn't know what my plan should be. I have some space
superiority, but I am not targeting anything and my bishop is shooting into
empty space.}) 19... Rfd8 20. a3 Qxd6 21. Rxd6 {Now at least Pb6 is a target,
forcing Black to stay in passivity for a while.} Rb8 22. b4 axb4 (22... Na4 {
Probably my opponent was concerned about putting the knight slightly far away
from his forces, but it actually works for Black.} {After} 23. Rb3 Kf8 $1 {
Black equalises. The exchange sacrifice} 24. bxa5 $6 Ke7 25. Rdxb6 Nxb6 26.
axb6 Rdc8 27. Rb4 Rc5 {doesn't really work. The passed pawns are safely
blocked and only Black can play for a win here.}) 23. axb4 Na6 24. Rb3 {
I had to choose between this and the immediate 24.c5. Both are tempting, but,
unfortunately do not yield an advantage. In all lines Black is just in time to
bring his king and neutralise White's activity.} (24. c5 Kf8 25. Ra3 (25. cxb6
$2 Ke7 $15) (25. Re4 Nc7 26. Rxb6 Rxb6 27. cxb6 Ne8 $1 28. Rc4 Rb8 29. b7 d5
30. Rc8 Rxb7 $11) 25... Nxb4 26. Rxb6 (26. cxb6 $2 Ke7 $17) 26... d5 $1 27. Ra4
Rxb6 28. cxb6 Nc6 29. e4 Rb8 $11) (24. b5 $6 Nc5 25. Ra3 Kf8 26. Ra6 $6 {
I considered this idea too, but it's not good.} Nxa6 27. bxa6 Ke7 28. Rd3 Rbc8
$1 29. a7 d5 30. cxd5 Rc1+ 31. Kg2 Ra1 32. a8=Q Raxa8 33. d6+ Kd7 34. Bxa8 Rxa8
$15) 24... Kf8 $1 25. c5 Ke7 26. e3 (26. Rxb6 Rxb6 27. cxb6 Rb8 28. b7 d5 {
is fine for Black.}) 26... Nc7 27. Rxb6 Rxb6 28. cxb6 Nb5 29. Be2 Nd6 30. Ba6 {
At this point I saw that my teammate Maxim Rodshtein was winning on second
board, while the other games were drawn. So, I decided to swap the minor
pieces and reach the drawn rook ending, even though it's objectively
preferable to keep the bishop.} Rb8 31. b7 Nxb7 32. Bxb7 Rxb7 {Here my
opponent offered a draw that was accepted. So, we won the match 2.5-1.5.}
1/2-1/2